000 00966nas a2200277 454500
001 37555
005 20260407193510.0
008 260407s1988####ag###########|||spa#d
003 AR-UNSa-BCEJYS
040 _aAR-UNSa-BCEJYS
_bspa
_cAR-UNSa-BCEJYS
080 _a008(680)
_xCivilización. Cultura. Progreso de Sudáfrica
245 1 0 _aPerfil Sudafricano
264 1 _aSantiago :
_bEmbajada de Sudáfrica
_c1988
310 _aFrecuencia: Irregular Cambia de Director a partir del Año 1989, Nº 15 por Neels Wilken Cambia de Director a partir del Año 1991, Nº 27 por Ignacius Van Vuuren
041 _aspa
942 _cSER
590 _aniveau_biblio:s niveau_hierar:1
100 1 _aConradie, Allan S.
650 _aCivilización
650 _aSudáfrica
650 _aCultura
650 _aDesarrollo regional
650 _aPolítica
650 _aECONOMIA
856 4 1 _uhttps://170.210.207.44/pmb/images/revistas/R12074.jpg
_yImagen de portada
_qimage/jpeg
999 _c8819
_d8819